[Event "South American zonal"]
[Site "Tramandai BRA"]
[Date "1978.09.??"]
[Round "1"]
[White "Campora Sivori, Daniel Hugo"]
[Black "Emma, Jaime"]
[Result "1/2-1/2"]
[WhiteElo "2370"]
[BlackElo "2390"]
[EventDate "1978.09.16"]
[PlyCount "26"]

1.e4 e6 2.d4 c5 3.Nf3 cxd4 4.Nxd4 Nc6 5.Nb5 d6 6.c4 Nf6 7.N1c3 a6 8.Na3 
Be7 9.Be2 O-O 10.O-O b6 11.Be3 Bb7 12.Qb3 Nd7 13.Rac1 Nc5 1/2-1/2

[Event "South American zonal"]
[Site "Tramandai BRA"]
[Date "1978.09.??"]
[Round "1"]
[White "Frias Pablaza, Victor"]
[Black "Silva Sanchez, Carlos"]
[Result "1/2-1/2"]
[WhiteElo "2400"]
[BlackElo "2405"]
[EventDate "1978.09.16"]
[PlyCount "37"]

1.d4 Nf6 2.c4 e6 3.Nc3 Bb4 4.Qc2 c5 5.dxc5 Na6 6.Bg5 O-O 7.a3 Bxc3+ 8.Qxc3
Nxc5 9.Bxf6 Qxf6 10.Qxf6 gxf6 11.f3 a5 12.e4 a4 13.Rd1 b6 14.Ne2 Rd8 15.
Nc3 Bb7 16.Rd6 Bc6 17.Be2 Kf8 18.Kf2 Ke7 19.Rhd1 1/2-1/2

[Event "South American zonal"]
[Site "Tramandai BRA"]
[Date "1978.09.??"]
[Round "1"]
[White "Van Riemsdijk, Herman Claudius"]
[Black "Segal, Alexandru Sorin"]
[Result "1/2-1/2"]
[WhiteElo "2375"]
[BlackElo "2395"]
[EventDate "1978.09.16"]
[PlyCount "87"]

1.e4 c6 2.d4 g6 3.h4 d5 4.exd5 cxd5 5.h5 Bg7 6.Ne2 Nc6 7.c3 Nf6 8.Ng3 Qc7 
9.Na3 a6 10.Be2 Bd7 11.Nc2 Na7 12.Bg5 h6 13.Bxf6 Bxf6 14.hxg6 fxg6 15.Bd3 
O-O-O 16.Ne3 Qd6 17.Qf3 Bg5 18.Qxd5 Qxd5 19.Nxd5 Bc6 20.Nb4 Bxg2 21.Rg1 
Bf3 22.Be4 Rhf8 23.Bxf3 Rxf3 24.Ne4 Rdf8 25.Nxg5 hxg5 26.O-O-O Rxf2 27.
Rxg5 R8f6 28.Nd5 Re6 29.Rd2 Rf1+ 30.Kc2 Kd7 31.Rdg2 Rf5 32.Rxf5 gxf5 33.
Rf2 Kd6 34.Nb6 Rf6 35.Nc4+ Kd7 36.Ne5+ Kd6 37.Nc4+ Kd7 38.Kd3 Nc6 39.d5 
Nd8 40.Kd4 Nf7 41.a4 e6 42.a5 exd5 43.Kxd5 f4 44.Ne5+ 1/2-1/2

[Event "South American zonal"]
[Site "Tramandai BRA"]
[Date "1978.09.??"]
[Round "2"]
[White "Bronstein, Luis Marcos"]
[Black "Frias Pablaza, Victor"]
[Result "1/2-1/2"]
[WhiteElo "2400"]
[BlackElo "2400"]
[EventDate "1978.09.16"]
[PlyCount "93"]

1.c4 c5 2.Nf3 Nf6 3.Nc3 d5 4.cxd5 Nxd5 5.e4 Nb4 6.Bc4 e6 7.O-O N4c6 8.d3 
Be7 9.Be3 O-O 10.d4 cxd4 11.Nxd4 Nxd4 12.Bxd4 Nc6 13.Be3 Bd7 14.Qe2 Qa5 
15.a3 Rfd8 16.f4 Bc5 17.b4 Bxe3+ 18.Qxe3 Qb6 19.Qxb6 axb6 20.Nb5 Ne7 21.
Nd6 Bc6 22.Rfd1 Ba4 23.Rd3 Bc2 24.Rd2 Nc8 25.e5 Nxd6 26.exd6 Bf5 27.Rd4 
Kf8 28.Be2 Bc2 29.Bf3 Rd7 30.Rc1 Ba4 31.Rc7 Rad8 32.Rxd7 Rxd7 33.Kf2 Ke8 
34.Ke3 Bc6 35.g4 Rd8 36.Bxc6+ bxc6 37.a4 Kd7 38.a5 bxa5 39.bxa5 Ra8 40.Ra4
Kxd6 41.Kd4 c5+ 42.Kc4 Kc6 43.a6 Kb6 44.a7 Rxa7 45.Rxa7 Kxa7 46.Kxc5 Kb7 
47.Kd6 1/2-1/2

[Event "South American zonal"]
[Site "Tramandai BRA"]
[Date "1978.09.??"]
[Round "2"]
[White "Estrada Degrandi, Walter"]
[Black "Van Riemsdijk, Herman Claudius"]
[Result "0-1"]
[WhiteElo "2350"]
[BlackElo "2375"]
[EventDate "1978.09.16"]
[PlyCount "78"]

1.c4 e5 2.Nc3 Nc6 3.Nf3 f5 4.d4 e4 5.d5 exf3 6.dxc6 fxg2 7.cxd7+ Qxd7 8.
Qxd7+ Bxd7 9.Bxg2 O-O-O 10.Bg5 Be7 11.Bxe7 Nxe7 12.O-O-O Ng6 13.Rd4 Be6 
14.Bd5 Bxd5 15.cxd5 Rd7 16.Rhd1 Rhd8 17.f3 Ne5 18.Rf4 Rf8 19.h4 g6 20.h5 
g5 21.Ra4 a6 22.f4 Ng4 23.fxg5 Rg8 24.g6 hxg6 25.hxg6 Rxg6 26.Rg1 Rdd6 27.
Rf4 Ne3 28.Rxg6 Rxg6 29.Kd2 Rg3 30.b3 Kd7 31.Nd1 Nxd1 32.Kxd1 Rg5 33.Rb4 
b5 34.a4 Rg4 35.Rxg4 fxg4 36.axb5 axb5 37.Kd2 Kd6 38.Ke3 Kxd5 39.Kf4 c5 
0-1

[Event "South American zonal"]
[Site "Tramandai BRA"]
[Date "1978.09.??"]
[Round "2"]
[White "Segal, Alexandru Sorin"]
[Black "Trois, Francisco"]
[Result "1/2-1/2"]
[WhiteElo "2395"]
[BlackElo "2385"]
[EventDate "1978.09.16"]
[PlyCount "21"]

1.b3 e5 2.Bb2 d6 3.g3 Nf6 4.Bg2 Be7 5.c4 O-O 6.Nc3 c6 7.Nf3 Re8 8.O-O Bf8 
9.d3 a5 10.Ne1 Ra6 11.Nc2 1/2-1/2

[Event "South American zonal"]
[Site "Tramandai BRA"]
[Date "1978.09.??"]
[Round "2"]
[White "Silva Sanchez, Carlos"]
[Black "Dienavorian Lacherian, Manuel"]
[Result "1-0"]
[WhiteElo "2405"]
[BlackElo "2360"]
[EventDate "1978.09.16"]
[PlyCount "104"]

1.e4 e6 2.d4 d5 3.Nd2 dxe4 4.Nxe4 Bd7 5.Nf3 Bc6 6.Qd3 Nd7 7.Be2 Be7 8.c4 
Bxe4 9.Qxe4 Bb4+ 10.Kf1 c6 11.Qd3 Be7 12.Bd2 Ngf6 13.Bc3 O-O 14.Rd1 a5 15.
g3 Bb4 16.Kg2 Qe7 17.Rhe1 Rfd8 18.Bf1 Qf8 19.a3 Bxc3 20.Qxc3 a4 21.c5 Nd5 
22.Qc2 Rdb8 23.Bc4 b6 24.cxb6 Rxb6 25.Re2 g6 26.Ba2 Qd6 27.Rdd2 Kg7 28.Qc1
Nc7 29.Rc2 Nb5 30.Rc4 Nc7 31.Rec2 Raa6 32.Qd1 e5 33.Re2 Nb5 34.Rxa4 Rxa4 
35.Qxa4 Nxd4 36.Nxd4 exd4 37.b4 d3 38.Rd2 Ne5 39.f4 Ng4 40.Qa7 Ne3+ 41.Kf3
Nd5 42.Rxd3 Rb5 43.Qd4+ Kg8 44.Bc4 Rb8 45.Bxd5 cxd5 46.Qxd5 Qb6 47.Kg2 Re8
48.Rd2 Qe3 49.Qd3 Qb6 50.b5 h5 51.a4 h4 52.gxh4 Qe6 1-0

[Event "South American zonal"]
[Site "Tramandai BRA"]
[Date "1978.09.??"]
[Round "3"]
[White "Dienavorian Lacherian, Manuel"]
[Black "Bronstein, Luis Marcos"]
[Result "0-1"]
[WhiteElo "2360"]
[BlackElo "2400"]
[EventDate "1978.09.16"]
[PlyCount "80"]

1.d4 Nf6 2.Nf3 c5 3.c3 b6 4.Bg5 Bb7 5.e3 g6 6.Nbd2 Bg7 7.Be2 O-O 8.O-O d6 
9.Re1 Nbd7 10.Qc2 Rc8 11.Rad1 Rc7 12.Bf1 Qa8 13.h3 a6 14.Qb1 h6 15.Bxf6 
Nxf6 16.e4 cxd4 17.cxd4 Rfc8 18.e5 Nh7 19.Bd3 dxe5 20.dxe5 Ng5 21.Nxg5 
hxg5 22.Be4 Bxe4 23.Rxe4 Rc2 24.Ree1 Qd5 25.Nf3 Qc5 26.Nd4 Rc4 27.Nf3 Rc2 
28.Nd4 Rc4 29.Nf3 g4 30.hxg4 Rxg4 31.Qd3 Rc4 32.Re2 b5 33.g3 Rc1 34.Kg2 
Rxd1 35.Qxd1 Qc6 36.Rd2 Bxe5 37.Rd8+ Rxd8 38.Qxd8+ Kg7 39.b3 Bf6 40.Qd1 e5
0-1

[Event "South American zonal"]
[Site "Tramandai BRA"]
[Date "1978.09.??"]
[Round "3"]
[White "Trois, Francisco"]
[Black "Estrada Degrandi, Walter"]
[Result "1-0"]
[WhiteElo "2385"]
[BlackElo "2350"]
[EventDate "1978.09.16"]
[PlyCount "83"]

1.c4 f5 2.d4 Nf6 3.g3 g6 4.Bg2 Bg7 5.Nc3 d6 6.d5 Nbd7 7.Nh3 Nc5 8.Nf4 Rb8 
9.Be3 O-O 10.b4 Nce4 11.Nxe4 Nxe4 12.Bd4 c5 13.Bxg7 Kxg7 14.a3 Qb6 15.O-O 
Bd7 16.Qc2 Nf6 17.Qc3 Kg8 18.b5 g5 19.Ne6 Bxe6 20.dxe6 Nh5 21.f4 gxf4 22.
gxf4 Rf6 23.Kh1 Rbf8 24.Qf3 Rh6 25.Rg1 Rff6 26.Bh3+ Kh8 27.a4 Qc7 28.a5 
Rf8 29.a6 b6 30.Bxf5 d5 31.cxd5 Qxf4 32.Qxf4 Nxf4 33.e4 Ne2 34.Rg2 Nd4 35.
d6 exd6 36.e7 Re8 37.Rag1 Nxf5 38.Rg8+ Rxg8 39.Rxg8+ Kxg8 40.e8=Q+ Kg7 41.
exf5 Rf6 42.Qe7+ 1-0

[Event "South American zonal"]
[Site "Tramandai BRA"]
[Date "1978.09.??"]
[Round "3"]
[White "Van Riemsdijk, Herman Claudius"]
[Black "Silva Sanchez, Carlos"]
[Result "1-0"]
[WhiteElo "2375"]
[BlackElo "2405"]
[EventDate "1978.09.16"]
[PlyCount "49"]

1.e4 c5 2.Nf3 d6 3.d4 cxd4 4.Nxd4 Nf6 5.Nc3 a6 6.Bg5 e6 7.Qf3 Nbd7 8.O-O-O
Qc7 9.Qg3 b5 10.Bxb5 axb5 11.Ndxb5 Qb8 12.Nxd6+ Bxd6 13.Qxd6 Qxd6 14.Rxd6 
Bb7 15.Rhd1 O-O-O 16.f3 h6 17.Bh4 Ne5 18.Nb5 Nc6 19.Bf2 Kb8 20.Bg3 Ka8 21.
R1d3 Rxd6 22.Ra3+ Kb8 23.Nxd6 e5 24.Rb3 Na5 25.Rb5 1-0

[Event "South American zonal"]
[Site "Tramandai BRA"]
[Date "1978.09.??"]
[Round "4"]
[White "Bronstein, Luis Marcos"]
[Black "Emma, Jaime"]
[Result "1/2-1/2"]
[WhiteElo "2400"]
[BlackElo "2390"]
[EventDate "1978.09.16"]
[PlyCount "27"]

1.d4 Nf6 2.c4 e6 3.Nc3 d5 4.Bg5 Be7 5.e3 O-O 6.Nf3 h6 7.Bh4 Ne4 8.Bxe7 
Qxe7 9.cxd5 Nxc3 10.bxc3 exd5 11.Qb3 Rd8 12.c4 dxc4 13.Bxc4 Nc6 14.Be2 
1/2-1/2

[Event "South American zonal"]
[Site "Tramandai BRA"]
[Date "1978.09.??"]
[Round "4"]
[White "Estrada Degrandi, Walter"]
[Black "Campora Sivori, Daniel Hugo"]
[Result "1-0"]
[WhiteElo "2350"]
[BlackElo "2370"]
[EventDate "1978.09.16"]
[PlyCount "113"]

1.d4 d5 2.Nf3 Nf6 3.Bf4 e6 4.e3 c5 5.c3 Nc6 6.Nbd2 Be7 7.Bd3 Qb6 8.Rb1 Bd7
9.Ne5 Rc8 10.O-O O-O 11.Bg5 Qd8 12.f4 Ne8 13.Qh5 f5 14.Rf3 Nxe5 15.dxe5 
Bxg5 16.Qxg5 Qxg5 17.fxg5 Nc7 18.Rf4 a6 19.Be2 Bb5 20.Kf2 Bxe2 21.Kxe2 Nb5
22.a4 Na7 23.Nf3 Nc6 24.b4 cxb4 25.cxb4 Ne7 26.Rd4 Rc2+ 27.Rd2 Rc4 28.Nd4 
Kf7 29.a5 Nc6 30.b5 Nxd4+ 31.exd4 Ra4 32.bxa6 bxa6 33.Rb7+ Kg6 34.Rb6 Rxa5
35.Rxe6+ Kxg5 36.Re7 Rg8 37.Rd3 f4 38.Kf3 Rb5 39.h4+ Kxh4 40.Kxf4 Rf8+ 41.
Ke3 g5 42.Rxh7+ Kg4 43.Rd7 Rf4 44.Ra3 a5 45.Kd3 Kg3 46.Rxd5 Rb8 47.e6 g4 
48.Raxa5 Kxg2 49.e7 Re8 50.Ra7 Rf3+ 51.Ke4 Rf1 52.Re5 g3 53.d5 Rd1 54.Kf5 
Kh3 55.Ra3 Kh2 56.Ke6 Rh8 57.Kd7 1-0

[Event "South American zonal"]
[Site "Tramandai BRA"]
[Date "1978.09.??"]
[Round "4"]
[White "Silva Sanchez, Carlos"]
[Black "Hase, Juan Carlos"]
[Result "1/2-1/2"]
[WhiteElo "2405"]
[BlackElo "2410"]
[EventDate "1978.09.16"]
[PlyCount "38"]

1.e4 c5 2.Nf3 e6 3.d4 cxd4 4.Nxd4 Nf6 5.Nc3 d6 6.Be3 Be7 7.Be2 Nc6 8.O-O 
O-O 9.Kh1 e5 10.Nb3 a5 11.a4 Be6 12.f4 exf4 13.Rxf4 Nd7 14.Rf1 Rc8 15.Re1 
Nb6 16.Bxb6 Qxb6 17.Nd5 Qd8 18.Nxe7+ Qxe7 19.Nd4 Nxd4 1/2-1/2

[Event "South American zonal"]
[Site "Tramandai BRA"]
[Date "1978.09.??"]
[Round "4"]
[White "Trois, Francisco"]
[Black "Dienavorian Lacherian, Manuel"]
[Result "1-0"]
[WhiteElo "2385"]
[BlackElo "2360"]
[EventDate "1978.09.16"]
[PlyCount "77"]

1.d4 d5 2.c4 c6 3.Nf3 Nf6 4.e3 g6 5.Nc3 Bg7 6.Be2 O-O 7.O-O Bg4 8.b3 Nbd7 
9.h3 Bxf3 10.Bxf3 e6 11.Bb2 Re8 12.Qc2 Qe7 13.a4 a6 14.Rfd1 Qd8 15.Ba3 a5 
16.e4 dxe4 17.Bxe4 Nxe4 18.Nxe4 Nf6 19.Ng5 Nd5 20.Nf3 Nb4 21.Qe4 Qc7 22.
Rab1 Rad8 23.Bc1 h6 24.Bf4 Qe7 25.Rd2 Qf6 26.Bc7 Ra8 27.Rbd1 Rec8 28.Be5 
Qd8 29.h4 h5 30.Re1 Qf8 31.Ng5 Bxe5 32.dxe5 Rd8 33.Red1 Rxd2 34.Rxd2 Qe7 
35.Qf4 Kg7 36.Rd6 c5 37.Qd2 Rf8 38.Rd7 Qe8 39.Qd6 {time} 1-0

[Event "South American zonal"]
[Site "Tramandai BRA"]
[Date "1978.09.??"]
[Round "5"]
[White "Campora Sivori, Daniel Hugo"]
[Black "Silva Sanchez, Carlos"]
[Result "1/2-1/2"]
[WhiteElo "2370"]
[BlackElo "2405"]
[EventDate "1978.09.16"]
[PlyCount "60"]

1.e4 c5 2.Nf3 e6 3.d3 Nc6 4.g3 d6 5.Bg2 g6 6.O-O Bg7 7.c3 e5 8.Be3 Nge7 9.
a3 O-O 10.d4 cxd4 11.cxd4 d5 12.Nxe5 Nxe5 13.dxe5 dxe4 14.Bc5 Qxd1 15.Rxd1
Re8 16.Nc3 Nc6 17.Nxe4 Rxe5 18.Rac1 Bg4 19.f3 Rxe4 20.fxg4 Rxg4 21.b4 a6 
22.Rd7 Rb8 23.Be3 Bb2 24.Rf1 Re8 25.Rfxf7 Nd8 26.Bd5 Nxf7 27.Bxf7+ Kh8 28.
Bxe8 Re4 29.Rxb7 Rxe3 30.Bc6 Rxa3 1/2-1/2

[Event "South American zonal"]
[Site "Tramandai BRA"]
[Date "1978.09.??"]
[Round "5"]
[White "Frias Pablaza, Victor"]
[Black "Segal, Alexandru Sorin"]
[Result "1-0"]
[WhiteElo "2400"]
[BlackElo "2395"]
[EventDate "1978.09.16"]
[PlyCount "73"]

1.e4 Nf6 2.e5 Nd5 3.d4 d6 4.Nf3 g6 5.Be2 Bg7 6.O-O Nc6 7.c4 Nb6 8.exd6 
cxd6 9.d5 Ne5 10.Nxe5 Bxe5 11.Nc3 Bd7 12.Bh6 Rc8 13.Qb3 Qc7 14.Rac1 a6 15.
Ne4 Na4 16.Qe3 Nc5 17.Nc3 Na4 18.Nxa4 Bxa4 19.b3 Bd7 20.b4 a5 21.a3 b6 22.
Rfe1 axb4 23.axb4 Bf6 24.c5 bxc5 25.bxc5 Ra8 26.Bf1 Rg8 27.Bf4 e5 28.dxe6 
Bxe6 29.Bb5+ Kd8 30.Bxd6 Qa7 31.Rcd1 Kc8 32.Bc6 Bd8 33.Bxa8 Qxa8 34.c6 Re8
35.Ra1 Qxc6 36.Rec1 Bc4 37.Rxc4 1-0

[Event "South American zonal"]
[Site "Tramandai BRA"]
[Date "1978.09.??"]
[Round "5"]
[White "Hase, Juan Carlos"]
[Black "Bronstein, Luis Marcos"]
[Result "1/2-1/2"]
[WhiteElo "2410"]
[BlackElo "2400"]
[EventDate "1978.09.16"]
[PlyCount "36"]

1.d4 Nf6 2.c4 g6 3.Nc3 d5 4.cxd5 Nxd5 5.e4 Nxc3 6.bxc3 c5 7.Bc4 Bg7 8.Ne2 
Nc6 9.Be3 cxd4 10.cxd4 b5 11.Bxb5 Qa5+ 12.Nc3 Qxc3+ 13.Bd2 Qxd4 14.Bxc6+ 
Bd7 15.Bxa8 Qxa1 16.Qxa1 Bxa1 17.O-O O-O 18.Rxa1 Rxa8 1/2-1/2

[Event "South American zonal"]
[Site "Tramandai BRA"]
[Date "1978.09.??"]
[Round "6"]
[White "Bronstein, Luis Marcos"]
[Black "Campora Sivori, Daniel Hugo"]
[Result "1/2-1/2"]
[WhiteElo "2400"]
[BlackElo "2370"]
[EventDate "1978.09.16"]
[PlyCount "27"]

1.Nf3 Nf6 2.c4 g6 3.b3 Bg7 4.Bb2 c5 5.g3 Nc6 6.Bg2 d6 7.O-O O-O 8.d4 cxd4 
9.Nxd4 Bd7 10.Nc3 a6 11.c5 dxc5 12.Nxc6 Bxc6 13.Bxc6 bxc6 14.Na4 1/2-1/2

[Event "South American zonal"]
[Site "Tramandai BRA"]
[Date "1978.09.??"]
[Round "6"]
[White "Estrada Degrandi, Walter"]
[Black "Frias Pablaza, Victor"]
[Result "0-1"]
[WhiteElo "2350"]
[BlackElo "2400"]
[EventDate "1978.09.16"]
[PlyCount "66"]

1.Nf3 Nf6 2.d4 g6 3.Nc3 d5 4.Bf4 Bg7 5.e3 O-O 6.Be2 Nbd7 7.O-O c6 8.Ne5 
Ne8 9.h4 f6 10.Nxd7 Qxd7 11.Na4 e5 12.Bg3 Nd6 13.Nc5 Qe7 14.b3 b6 15.Na4 
Nf5 16.Kh2 Nxg3 17.fxg3 f5 18.c4 f4 19.exf4 exf4 20.g4 Qxh4+ 21.Kg1 h5 22.
Qd2 Bxg4 23.Bf3 Bxf3 24.Rxf3 c5 25.Rh3 Qg4 26.Rf1 Bxd4+ 27.Kh1 dxc4 28.
bxc4 Rae8 29.Nc3 Re3 30.Rxe3 fxe3 31.Rxf8+ Kxf8 32.Qe1 Bxc3 33.Qxc3 Qh4+ 
0-1

[Event "South American zonal"]
[Site "Tramandai BRA"]
[Date "1978.09.??"]
[Round "6"]
[White "Segal, Alexandru Sorin"]
[Black "Dienavorian Lacherian, Manuel"]
[Result "1/2-1/2"]
[WhiteElo "2395"]
[BlackElo "2360"]
[EventDate "1978.09.16"]
[PlyCount "44"]

1.Nf3 d5 2.b3 Bf5 3.Bb2 e6 4.g3 Nf6 5.Bg2 Be7 6.d3 h6 7.Nbd2 O-O 8.O-O c6 
9.Qe1 a5 10.e4 Bh7 11.a4 Na6 12.e5 Nd7 13.Qe2 Nb4 14.Ne1 Kh8 15.f4 f6 16.
Ndf3 Na6 17.Bh3 f5 18.Nd4 Nc7 19.Kh1 c5 20.Ndf3 d4 21.Nd2 Nd5 22.Nc4 N7b6 
1/2-1/2

[Event "South American zonal"]
[Site "Tramandai BRA"]
[Date "1978.09.??"]
[Round "7"]
[White "Bronstein, Luis Marcos"]
[Black "Van Riemsdijk, Herman Claudius"]
[Result "1-0"]
[WhiteElo "2400"]
[BlackElo "2375"]
[EventDate "1978.09.16"]
[PlyCount "83"]

1.e4 c5 2.Nf3 Nc6 3.d4 cxd4 4.Nxd4 Nf6 5.Nc3 e6 6.Ndb5 Bb4 7.a3 Bxc3+ 8.
Nxc3 d5 9.exd5 Nxd5 10.Bd2 Qh4 11.Qf3 Nd4 12.Qd3 e5 13.g3 Qd8 14.Bg2 Nxc3 
15.Bxc3 Bf5 16.Be4 Bxe4 17.Qxe4 Nc6 18.f4 O-O 19.fxe5 Re8 20.O-O Re6 21.
Rae1 Qe7 22.Qc4 Kh8 23.Qf4 Kg8 24.Qc4 h6 25.Rf5 Re8 26.Ref1 Qc7 27.Kg2 Qd7
28.Rxf7 Qxf7 29.Rxf7 Kxf7 30.Kf3 Re7 31.Qd5 Ke8 32.Ke4 Rf6 33.b4 Nd8 34.b5
Nf7 35.Kd3 Rf5 36.Kc4 Nxe5+ 37.Kb3 Rg5 38.Bb4 Rf7 39.Qe6+ Kd8 40.h4 Rxg3+ 
41.c3 Re3 42.Bd6 1-0

[Event "South American zonal"]
[Site "Tramandai BRA"]
[Date "1978.09.??"]
[Round "7"]
[White "Emma, Jaime"]
[Black "Dienavorian Lacherian, Manuel"]
[Result "1-0"]
[WhiteElo "2390"]
[BlackElo "2360"]
[EventDate "1978.09.16"]
[PlyCount "51"]

1.e4 e6 2.d3 d5 3.Nd2 Nf6 4.Ngf3 dxe4 5.dxe4 Bc5 6.Bd3 e5 7.O-O Qe7 8.c3 
a6 9.b4 Ba7 10.Nc4 Bg4 11.Ncxe5 Nbd7 12.Nxg4 Nxg4 13.h3 Nge5 14.Bc2 O-O-O 
15.Nxe5 Nxe5 16.Qe2 Rd7 17.Be3 Bxe3 18.Qxe3 Rhd8 19.Rfd1 Nc4 20.Rxd7 Rxd7 
21.Qf4 f6 22.e5 Nxe5 23.Bf5 Kb8 24.Bxd7 Qxd7 25.Qe3 h6 26.a4 1-0

[Event "South American zonal"]
[Site "Tramandai BRA"]
[Date "1978.09.??"]
[Round "7"]
[White "Hase, Juan Carlos"]
[Black "Frias Pablaza, Victor"]
[Result "1/2-1/2"]
[WhiteElo "2410"]
[BlackElo "2400"]
[EventDate "1978.09.16"]
[PlyCount "70"]

1.e4 c5 2.Nf3 d6 3.d4 cxd4 4.Qxd4 Bd7 5.Bg5 Nc6 6.Qd2 g6 7.Nc3 Bg7 8.Nd5 
h6 9.Be3 Nf6 10.Nxf6+ Bxf6 11.c3 Qa5 12.Be2 Bg4 13.O-O Bxf3 14.Bxf3 Bg5 
15.Be2 Bxe3 16.Qxe3 Kf8 17.Rfd1 Qg5 18.f4 Qf6 19.Rd5 Kg7 20.Rad1 Rad8 21.
Bb5 a6 22.Bxc6 bxc6 23.Ra5 Ra8 24.b4 Rhd8 25.Rf1 e6 26.h3 Qe7 27.Kh1 Rdc8 
28.Qd3 d5 29.f5 dxe4 30.Qxe4 Qf6 31.Qc4 exf5 32.Rxa6 Rxa6 33.Qxa6 Rd8 34.
Qc4 Rd2 35.Rc1 Rxg2 1/2-1/2

[Event "South American zonal"]
[Site "Tramandai BRA"]
[Date "1978.09.??"]
[Round "7"]
[White "Silva Sanchez, Carlos"]
[Black "Trois, Francisco"]
[Result "0-1"]
[WhiteElo "2405"]
[BlackElo "2385"]
[EventDate "1978.09.16"]
[PlyCount "66"]

1.e4 d6 2.d4 g6 3.Nc3 Bg7 4.Nge2 c6 5.a4 a5 6.g3 Nf6 7.Bg2 O-O 8.O-O Na6 
9.h3 e5 10.Be3 Nb4 11.f4 exf4 12.Nxf4 d5 13.e5 Ne8 14.Na2 Nxa2 15.Rxa2 f6 
16.Nd3 Bf5 17.exf6 Nxf6 18.c3 Qe7 19.Bg5 Rae8 20.Ne5 h6 21.Bh4 Qe6 22.g4 
Be4 23.Nd3 Bxg2 24.Kxg2 Ne4 25.Ra1 g5 26.Bf2 Qd6 27.Kh1 Re7 28.Qc2 Rf3 29.
Kg2 Ref7 30.Qe2 Nxf2 31.Ne5 Bxe5 32.dxe5 Qe6 33.Rae1 R3f4 0-1

[Event "South American zonal"]
[Site "Tramandai BRA"]
[Date "1978.09.??"]
[Round "8"]
[White "Dienavorian Lacherian, Manuel"]
[Black "Hase, Juan Carlos"]
[Result "1/2-1/2"]
[WhiteElo "2360"]
[BlackElo "2410"]
[EventDate "1978.09.16"]
[PlyCount "147"]

1.d4 Nf6 2.Nf3 d6 3.Bg5 Nbd7 4.c4 e5 5.Nc3 Be7 6.e3 O-O 7.Be2 h6 8.Bh4 
exd4 9.Nxd4 Re8 10.O-O Nc5 11.Qc2 a5 12.Rad1 Nfe4 13.Bxe7 Rxe7 14.Nd5 Re8 
15.f3 Nf6 16.Nxf6+ Qxf6 17.e4 Bd7 18.Rfe1 Re5 19.Bf1 Rae8 20.Qd2 Qe7 21.
Nc2 Bc6 22.b3 h5 23.Qf2 g6 24.h4 f6 25.g3 Kg7 26.Bh3 Qf7 27.Nd4 Bd7 28.
Bxd7 Qxd7 29.Kg2 Qf7 30.Nc2 Kh7 31.Rd2 b6 32.Red1 f5 33.exf5 Qxf5 34.Nd4 
Qf7 35.Re2 Qf6 36.Rxe5 Rxe5 37.Nc2 Qf5 38.Re1 Nd3 39.Rxe5 Qxe5 40.Qe3 Qxe3
41.Nxe3 Nc1 42.Nd5 Nxa2 43.Nxc7 Nc1 44.Kf2 Nxb3 45.Ke3 a4 46.Nb5 Kg7 47.
Kd3 Kf6 48.Nxd6 a3 49.Ne4+ Ke5 50.Nc3 Nc5+ 51.Kc2 Kd4 52.Nb5+ Ke3 53.g4 
Kxf3 54.gxh5 gxh5 55.Nxa3 Kg3 56.Kd2 Kxh4 57.Ke2 Kg3 58.Nc2 Kf4 59.Kf2 
Nd3+ 60.Kg2 Ne5 61.Kh3 Kg5 62.Ne3 Nd3 63.Kh2 Nf4 64.Kg3 h4+ 65.Kf3 Nd3 66.
Kg2 Ne5 67.Kh3 Ng6 68.Kg2 Nf4+ 69.Kf3 h3 70.Kg3 Kg6 71.Ng4 Kf5 72.Nf2 Ke5 
73.Ng4+ Ke4 74.Nf2+ 1/2-1/2

[Event "South American zonal"]
[Site "Tramandai BRA"]
[Date "1978.09.??"]
[Round "8"]
[White "Frias Pablaza, Victor"]
[Black "Campora Sivori, Daniel Hugo"]
[Result "1/2-1/2"]
[WhiteElo "2400"]
[BlackElo "2370"]
[EventDate "1978.09.16"]
[PlyCount "81"]

1.e4 c6 2.Nc3 d5 3.Nf3 dxe4 4.Nxe4 Nf6 5.Nxf6+ gxf6 6.d4 Bg4 7.c3 e6 8.g3 
Nd7 9.Bg2 Qc7 10.O-O O-O-O 11.Qa4 Kb8 12.Bf4 Bd6 13.Bxd6 Qxd6 14.Nd2 h5 
15.Nc4 Qc7 16.Ne3 Be2 17.Rfe1 Bb5 18.Qb3 f5 19.c4 Ba6 20.f4 h4 21.Qc3 hxg3
22.hxg3 Rhg8 23.Nf1 c5 24.Rad1 Nb6 25.b3 cxd4 26.Rxd4 Rxd4 27.Qxd4 Rd8 28.
Qe5 Nc8 29.Qxc7+ Kxc7 30.Bf3 b6 31.Kf2 Bb7 32.Bh5 Nd6 33.Ke3 a5 34.Rd1 Kc6
35.Nd2 Rg8 36.Rg1 Kc5 37.a3 Rh8 38.Be2 Be4 39.b4+ axb4 40.axb4+ Kxb4 41.
Rb1+ 1/2-1/2

[Event "South American zonal"]
[Site "Tramandai BRA"]
[Date "1978.09.??"]
[Round "8"]
[White "Trois, Francisco"]
[Black "Bronstein, Luis Marcos"]
[Result "0-1"]
[WhiteElo "2385"]
[BlackElo "2400"]
[EventDate "1978.09.16"]
[PlyCount "54"]

1.d4 d5 2.c4 e6 3.Nc3 Nf6 4.Bg5 Be7 5.cxd5 exd5 6.e3 c6 7.Bd3 Bg4 8.Nge2 
Nbd7 9.Qc2 Bxe2 10.Qxe2 Ne4 11.Bf4 Ndf6 12.O-O O-O 13.Qc2 Nd6 14.Bg3 g6 
15.f3 Nh5 16.Bf2 f5 17.Ne2 Bh4 18.g3 Bg5 19.Rae1 Qd7 20.Kg2 Rae8 21.Nc3 
Re7 22.e4 fxe4 23.fxe4 Qg4 24.e5 Nf4+ 25.Kg1 Nh3+ 26.Kg2 Qf3+ 27.Kxh3 Rf4 
0-1

[Event "South American zonal"]
[Site "Tramandai BRA"]
[Date "1978.09.??"]
[Round "8"]
[White "Van Riemsdijk, Herman Claudius"]
[Black "Emma, Jaime"]
[Result "1/2-1/2"]
[WhiteElo "2375"]
[BlackElo "2390"]
[EventDate "1978.09.16"]
[PlyCount "38"]

1.e4 e5 2.Nf3 Nc6 3.Bb5 Bc5 4.d3 d6 5.Nbd2 Nf6 6.Nc4 O-O 7.Ne3 Nd4 8.Bc4 
b5 9.Bb3 Nxb3 10.axb3 d5 11.exd5 Nxd5 12.Nxe5 Nxe3 13.fxe3 Bb7 14.Nf3 Re8 
15.O-O Bxe3+ 16.Bxe3 Rxe3 17.Qd2 Re6 18.Qf2 a6 19.Rae1 Rxe1 1/2-1/2

[Event "South American zonal"]
[Site "Tramandai BRA"]
[Date "1978.09.??"]
[Round "9"]
[White "Campora Sivori, Daniel Hugo"]
[Black "Dienavorian Lacherian, Manuel"]
[Result "1-0"]
[WhiteElo "2370"]
[BlackElo "2360"]
[EventDate "1978.09.16"]
[PlyCount "147"]

1.e4 e6 2.d4 d5 3.e5 b6 4.c3 Qd7 5.f4 Ba6 6.Bxa6 Nxa6 7.Qd3 Nb8 8.Ne2 Ne7 
9.O-O h5 10.Nd2 Nbc6 11.Nf3 Nf5 12.g3 Be7 13.h3 Na5 14.Kg2 Nb7 15.Bd2 c5 
16.Rh1 c4 17.Qc2 O-O-O 18.g4 Nh6 19.Nh2 Rdg8 20.Ng3 hxg4 21.hxg4 f5 22.
gxf5 exf5 23.Nf3 Nd8 24.Rh3 g6 25.Rah1 Nhf7 26.Rxh8 Rxh8 27.Rxh8 Nxh8 28.
Nh1 Ne6 29.Nf2 Nf7 30.Nh3 Nfd8 31.Be1 Nc6 32.Bh4 Bxh4 33.Nxh4 Qh7 34.Qf2 
Qh5 35.Nf3 Kd7 36.Qg3 Ne7 37.Nhg5 Ng7 38.Qh4 Qxh4 39.Nxh4 Ne6 40.Nxe6 Kxe6
41.Nf3 Ng8 42.Kg3 Nh6 43.Kh4 Kf7 44.Kg5 Kg7 45.e6 Ng8 46.Ne5 Ne7 47.a4 a5 
48.Nxg6 Nxg6 49.Kxf5 Ne7+ 50.Ke5 Kg6 51.f5+ Nxf5 52.Kxd5 Kf6 53.Kxc4 Kxe6 
54.Kb5 Nd6+ 55.Kc6 Ke7 56.d5 Nc4 57.Kc7 Nd6 58.Kxb6 Kd7 59.b3 Ne4 60.c4 
Nd2 61.Kxa5 Nxb3+ 62.Kb6 Nd2 63.c5 Nc4+ 64.Kb7 Kd8 65.c6 Nd6+ 66.Kb8 Ne8 
67.a5 Nc7 68.d6 Na6+ 69.Kb7 Nc5+ 70.Kb6 Na4+ 71.Kb5 Nc3+ 72.Kb4 Ne4 73.a6 
Nxd6 74.a7 1-0

[Event "South American zonal"]
[Site "Tramandai BRA"]
[Date "1978.09.??"]
[Round "9"]
[White "Emma, Jaime"]
[Black "Trois, Francisco"]
[Result "1-0"]
[WhiteElo "2390"]
[BlackElo "2385"]
[EventDate "1978.09.16"]
[PlyCount "101"]

1.e4 d6 2.d4 Nf6 3.Nc3 g6 4.Nge2 Bg7 5.g3 O-O 6.Bg2 e5 7.O-O Nbd7 8.h3 Re8
9.Re1 c6 10.a4 a5 11.b3 exd4 12.Nxd4 Nc5 13.Bb2 Qb6 14.Qd2 Bd7 15.Rad1 
Rad8 16.Kh2 Bc8 17.Qc1 Re7 18.f3 h5 19.Nde2 Ne6 20.Ba3 Red7 21.f4 Bh6 22.
Rf1 d5 23.exd5 cxd5 24.Bb2 Ng7 25.Nd4 Re7 26.Qd2 Ne4 27.Qd3 f5 28.Qb5 Qxb5
29.Ndxb5 Red7 30.h4 Ne8 31.Ne2 N8f6 32.Bf3 Bg7 33.Bd4 Ng4+ 34.Bxg4 hxg4 
35.Bb6 Re8 36.Nc7 Ree7 37.Nxd5 Re6 38.Bxa5 Ng5 39.Ng1 Nf3+ 40.Nxf3 Re2+ 
41.Kh1 gxf3 42.c4 Kf7 43.Rxf3 Rd6 44.Re1 Rxe1+ 45.Bxe1 Bd7 46.Bc3 Bc6 47.
Bxg7 Kxg7 48.Kg1 Re6 49.Kf2 Re4 50.Rd3 Re6 51.Re3 1-0